000 00754nas a2200265 4500
001 BR8202812
003 BR-BrBNA
005 20231205085150.0
007 ta
008 230509b bl.|||p| |||| 00| 00por d
040 _aBR-BrBNA
_bpor
_cBiblioteca Nacional de Agricultura
041 _a(Pt)
072 _aH10
100 1 _aAnon.
245 1 _aSoja: o manejo de pragas [Glycine max, controle quimico, controle biologico]
650 _aSOJA
650 _aPRAGA DE PLANTA
650 _aCONTROLE QUIMICO
650 _aINSETICIDA
650 _aPREDADOR
650 _aCONTROLE BIOLOGICO
773 0 _tGranja (Brazil)
_xISSN 0367-505X
_g(Apr 1982), v. 37(411) p. 45
_wBR8202812
909 _a202311
_bLúcia
_c55
_dLúcia Elande
942 _2AGRIS
_n0
_cANA
999 _c109674
_d109674